000 00565nam a2200193Ia 4500
003 GCL
008 140319s9999 xx 000 0 ara d
040 _aGCL /
_cGCL
082 0 4 _aد
_b050
100 1 _aمحمد بنهان سويلم
245 1 0 _aالتصوير والحياة (عالم المعرفة 75) /
_cمحمد بنهان سويلم
300 _a382 ص
490 _aعالم المعرفة
_v0
650 0 4 _aالفن
650 0 4 _aالتصوير
650 0 4 _aالتصوير الفنى
650 0 4 _aالتصوير الضوئى
942 _2ddc
_cBK
999 _c50431
_d50431